[Event "FRA-ch Blitz Online Qual"]
[Site "Europe Echecs INT"]
[Date "2020.05.16"]
[Round "14"]
[White "Bulmaga, Irina"]
[Black "Bailly, Thierry"]
[Result "1-0"]
[WhiteElo "2440"]
[BlackElo "1989"]
[PlyCount "125"]
[EventDate "2020.05.16"]
[EventType "swiss (blitz)"]
[EventRounds "15"]
[EventCountry "FRA"]
[SourceTitle "CBM 196 Extra"]
[Source "ChessBase"]
[SourceDate "2020.07.31"]
[SourceVersion "1"]
[SourceVersionDate "2020.07.31"]
[SourceQuality "1"]

1. e4 c5 2. Nf3 e6 3. d4 cxd4 4. Nxd4 Nf6 5. Nc3 Nc6 6. Ndb5 Bb4 7. a3 Bxc3+ 8. Nxc3 d5 9. Bd3 0-0 10. 0-0 d4 11. Ne2 e5 12. h3 Be6 13. f4 exf4 14. Bxf4 Nd7 15. Qe1 Nc5 16. Qg3 Nxd3 17. cxd3 f5 18. Bd6 Rf7 19. Be5 Nxe5 20. Qxe5 Qd7 21. Nxd4 Re8 22. Nxe6 Rxe6 23. Qb8+ Re8 24. Qxa7 Qxd3 25. exf5 Qc2 26. Rf2 Qc6 27. Qd4 Ref8 28. Raf1 Rf6 29. Rf3 Rd6 30. Qc3 Qb6+ 31. Kh1 Rc6 32. Qb3+ Rf7 33. Qxb6 Rxb6 34. b4 Rc7 35. f6 gxf6 36. Rxf6 Rxf6 37. Rxf6 Rc3 38. Rb6 Rxa3 39. Rxb7 Rb3 40. b5 Rb2 41. Kh2 Rb3 42. h4 h5 43. b6 Kh8 44. Kg1 Kg8 45. Kf2 Kh8 46. Ke2 Kg8 47. Kd1 Kh8 48. Kc2 Rb5 49. Kc3 Kg8 50. Kc4 Rb1 51. Kc5 Rc1+ 52. Kd6 Rd1+ 53. Ke6 Re1+ 54. Kf6 Rf1+ 55. Kg6 Rf8 56. Rc7 Kh8 57. b7 Rg8+ 58. Kh6 Rd8 59. Rc8 Kg8 60. Rxd8+ Kf7 61. b8Q Ke7 62. Qd6+ Kf7 63. Rf8# 1-0

[Event "Rouen op 9th"]
[Site "Rouen"]
[Date "2016.12.19"]
[Round "5"]
[White "Bailly, Thierry"]
[Black "Grignoux, Yannick"]
[Result "1-0"]
[WhiteElo "1716"]
[BlackElo "1481"]
[PlyCount "117"]
[EventDate "2016.12.17"]
[EventType "swiss"]
[EventRounds "7"]
[EventCountry "FRA"]
[SourceTitle "CBM 176 Extra"]
[Source "ChessBase"]
[SourceDate "2017.03.02"]
[SourceVersion "1"]
[SourceVersionDate "2017.03.02"]
[SourceQuality "1"]

1. Nf3 Nc6 2. d4 d5 3. e3 a6 4. c4 Bg4 5. Nc3 e6 6. h3 Bh5 7. cxd5 exd5 8. Qb3 Bb4 9. Bd2 Bxc3 10. bxc3 b6 11. c4 Nf6 12. Rc1 Ne7 13. cxd5 Nexd5 14. Bxa6 0-0 15. Bd3 Re8 16. Ne5 Qe7 17. a4 c5 18. Bb5 Rec8 19. Bc6 cxd4 20. Bxa8 Rxa8 21. exd4 h6 22. 0-0 Qb7 23. f3 Qb8 24. Rc2 Ne7 25. Rfc1 Qd6 26. Be3 Nfd5 27. Bf2 Nf4 28. Kh1 Qf6 29. Bg3 Ne6 30. Qxb6 Qg5 31. Bh2 Rxa4 32. d5 Nxd5 33. Qb5 Rd4 34. g4 Bg6 35. Nxg6 Qxg6 36. Rc8+ Kh7 37. Qb1 Qxb1 38. Rxb1 Rd2 39. Rcc1 Kg6 40. Rd1 Rxd1+ 41. Rxd1 Nc3 42. Re1 Kg5 43. Kg2 Kg6 44. f4 Nd4 45. f5+ Kg5 46. Be5 Nde2 47. Kf3 f6 48. Bxc3 Nxc3 49. Re7 h5 50. Rxg7+ Kh6 51. Rg6+ Kh7 52. Rxf6 hxg4+ 53. hxg4 Nd5 54. Rd6 Nc3 55. g5 Kg7 56. Rd3 Nb5 57. Kf4 Kf7 58. Ke5 Ke7 59. g6 1-0